000 00431nam a22001457a 4500
005 20250613093624.0
008 250613b |||||||| |||| 00| 0 eng d
020 _a0551013729
050 _aBS621
_b DOW
245 _aDISCOVERING THE BIBLE;
_bARCHAEOLOGISTS LOOK AT SCIPTURE
_cEDITED BY TIM DOWLEY
260 _aUSA
_bMARSHALL MORGAN AND SCOTT PUBLICATIONS LTD.
_cc1986
300 _a144p
700 _aDOWLEY TIM
942 _2lcc
_cBK
_n0
999 _c6438
_d6438